Landkreise mit Kreissitz und Kfz-Kennzeichen Rheinland-Pfalz - Statistiken

Allgemein
  • Dieses Quiz wurde 26 mal gespielt
  • Das Durchschnittsergebnis liegt bei 49 aus 98
Antwortstatistiken
Antworten % Korrekt
KO
82%
MZ
77%
MZ, BIN
77%
SP
77%
TR
73%
TR, SAB
73%
WO
73%
WW
73%
KL
68%
KL
68%
Koblenz
68%
LU
68%
ZW
68%
AK
64%
AW
64%
BIR
64%
BIT, PRÜ
64%
COC, ZEL
64%
GER
64%
KUS
64%
Montabaur
64%
MYK, MY
64%
Trier
64%
Westerwaldkreis
64%
Alzey
59%
AZ
59%
Cochem
59%
DAU
59%
Germersheim
59%
Kaiserslautern
59%
Neuwied
59%
NR
59%
Pirmasens
59%
PS
59%
PS, ZW
59%
SÜW
59%
Bitburg
55%
Daun
55%
KH
55%
Kusel
55%
LD
55%
Rhein-Lahn-Kreis
55%
RP
55%
SIM, GOA
55%
Bad Dürkheim
50%
Bad Ems
50%
Bad Kreuznach
50%
Bad Neuenahr-Ahrweiler
50%
Birkenfeld
50%
DÜW
50%
EMS, DIZ, GOH
50%
FT
50%
KIB, ROK
50%
Kirchheimbolanden
50%
Rhein-Hunsrück-Kreis
50%
Rhein-Pfalz-Kreis
50%
WIL, BKS
50%
NW
45%
Simmern/Hunsrück
45%
Wittlich
45%
Eifelkreis Bitburg-Prüm
41%
kreisfreie Stadt Koblenz
41%
kreisfreie Stadt Mainz
41%
kreisfreie Stadt Trier
41%
Landkreis Ahrweiler
41%
Landkreis Cochem-Zell
41%
Landkreis Mayen-Koblenz
41%
Landkreis Südliche Weinstraße
41%
Landkreis Vulkaneifel
41%
Donnersbergkreis
36%
kreisfreie Stadt Kaiserslautern
36%
kreisfreie Stadt Landau in der Pfalz
36%
kreisfreie Stadt Ludwigshafen am Rhein
36%
kreisfreie Stadt Neustadt an der Weinstraße
36%
kreisfreie Stadt Pirmasens
36%
kreisfreie Stadt Speyer
36%
kreisfreie Stadt Zweibrücken
36%
Landau in der Pfalz
36%
Landkreis Alzey-Worms
36%
Landkreis Birkenfeld
36%
Landkreis Kusel
36%
Landkreis Mainz-Bingen
36%
Landkreis Neuwied
36%
Landkreis Südwestpfalz
36%
Altenkirchen (Westerwald)
32%
Ingelheim am Rhein
32%
kreisfreie Stadt Frankenthal (Pfalz)
32%
kreisfreie Stadt Worms
32%
Landkreis Altenkirchen (Westerwald)
32%
Landkreis Bad Dürkheim
32%
Landkreis Bad Kreuznach
32%
Landkreis Bernkastel-Wittlich
32%
Landkreis Germersheim
32%
Landkreis Kaiserslautern
32%
Landkreis Trier-Saarburg
32%
Ludwigshafen am Rhein
32%
BZA
5%
MT, WEB
0%
Keine übereinstimmenden Quizze gefunden
Verteilung der Resultate
Anzahl Personen mit jedem Resultat
Perzentil nach korrekt beantworteten Fragen
Ihre Resultats-Entwicklung
Sie haben dieses Quiz noch nicht gespielt